Silica microfiber for biosensor application /
محفوظ في:
| المؤلف الرئيسي: | |
|---|---|
| التنسيق: | أطروحة كتاب |
| اللغة: | English |
| منشور في: |
2016.
|
| الموضوعات: | |
| الوسوم: |
إضافة وسم
لا توجد وسوم, كن أول من يضع وسما على هذه التسجيلة!
|
| LEADER | 01387cam a2200349 i 4500 | ||
|---|---|---|---|
| 001 | u1038022 | ||
| 003 | SIRSI | ||
| 005 | 201509081114 | ||
| 008 | 160815s2016 my a m 000 0 eng | ||
| 040 | |a UMM |d UMJ |e rda | ||
| 090 | |a TK7 |b UM 2016 Vel | ||
| 097 | |a TK7 |b UM 2016 Vel | ||
| 100 | 0 | |a Vellen John, |e author. | |
| 245 | 1 | 0 | |a Silica microfiber for biosensor application / |c Vellen John. |
| 264 | 1 | |c 2016. | |
| 264 | 4 | |c 2016. | |
| 300 | |a xii, 65 leaves : |b illustrations ; |c 30 cm. | ||
| 336 | |a text |2 rdacontent | ||
| 337 | |a unmediated |2 rdamedia | ||
| 338 | |a volume |2 rdacarrier | ||
| 502 | |b M.Eng.Sc. |c Jabatan Kejuruteraan Elektrik, Fakulti Kejuruteraan, Universiti Malaya |d 2016. | ||
| 504 | |a Bibliography: leaves 58-64. | ||
| 530 | |a Also issued in CD. | ||
| 650 | 0 | |a Biosensors. | |
| 650 | 0 | |a Optical fiber detectors. | |
| 650 | 0 | |a Optical fibers. | |
| 710 | 2 | |a Universiti Malaya. |b Jabatan Kejuruteraan Elektrik, |e degree granting institution. | |
| 900 | |a NNANS NSM AMA | ||
| 596 | |a 1 7 | ||
| 999 | |a TK7 UM 2016 VEL |w LC |c 1 |i A516595093 |d 20/3/2018 |e 20/3/2018 |f 25/11/2016 |g 1 |l STACKS |m P01UTAMA |n 4 |r Y |s Y |t TESIS |u 25/11/2016 |1 STEM | ||
| 999 | |a TK7 UM 2016 VEL |w LC |c 1 |i A516719561 |d 31/3/2017 |f 31/3/2017 |g 1 |l STACKS |m P07JURUTER |r N |s Y |t TESIS |u 31/3/2017 |1 STEM | ||
| 999 | |a TK7 UM 2016 VEL |w LC |c 2 |i A516719575 |d 31/3/2017 |f 31/3/2017 |g 1 |l COUNTER |m P07JURUTER |r N |s Y |t CD |u 31/3/2017 |1 STEM | ||
